01403nam a2200373 a 4500001000900000003000500009005001700014007000300031008004100034010001100075040001800086041001300104050002300117082002600140100003100166245014800197250001700345264005300362300004700415336002700462337002800489338002800517650004200545650005300587650004500640650004200685650006100727650004200788700003300830700003500863700004300898700003800941700005000979dia_1844CHAP20260210095434.0ta220117s1976 mx bd fr 001 0 spa d a172381 cCHAPamxchpua aspahspa1 aS535.M4b.O34 1977 a631.75 bO34 19772201 aGonzález Romero, Vicente10aOferta y demanda de profesores en el Sistema Nacional de Enseñanza Agrícola Superior en México /cVicente González Romero...(y otros 5) a1a edición aMéxico :bENA. Colegio de Postgraduados,c1976 a205 páginas :bmapas, gráficas, tablas 2rdacontentatextobtxt 2rdamediaano mediadobn 2rdacarrieravolumenbnc17aEducación agrícolazMéxico2atg17aEducación agrícolaxFormación docente2atg13aDocentesxSalarios y remuneración2atg13aAgricultural educationzMexico 2atg13aAgricultural educationzMexico 2atgxTeacher education13aTeachers2atgxWages and remuneration1 aCarrillo Liz, Alfonsoeautor1 aHerrera Haro, José G.eautor1 aBastida Castañeda, Roberto R.eautor1 aBaños Baños, Franciscoeautor1 aBurguete Hernández, José Franciscoeautor